<?xml version="1.0" encoding="UTF-8"?><?xml-stylesheet type="text/xsl" href="static/style.xsl"?><OAI-PMH xmlns="http://www.openarchives.org/OAI/2.0/" xmlns:xsi="http://www.w3.org/2001/XMLSchema-instance" xsi:schemaLocation="http://www.openarchives.org/OAI/2.0/ http://www.openarchives.org/OAI/2.0/OAI-PMH.xsd"><responseDate>2026-04-17T08:00:19Z</responseDate><request verb="GetRecord" identifier="oai:www.recercat.cat:2445/222043" metadataPrefix="marc">https://recercat.cat/oai/request</request><GetRecord><record><header><identifier>oai:recercat.cat:2445/222043</identifier><datestamp>2025-12-05T14:43:52Z</datestamp><setSpec>com_2072_1057</setSpec><setSpec>col_2072_478917</setSpec><setSpec>col_2072_478922</setSpec></header><metadata><record xmlns="http://www.loc.gov/MARC21/slim" xmlns:dcterms="http://purl.org/dc/terms/" xmlns:xsi="http://www.w3.org/2001/XMLSchema-instance" xmlns:doc="http://www.lyncode.com/xoai" xsi:schemaLocation="http://www.loc.gov/MARC21/slim http://www.loc.gov/standards/marcxml/schema/MARC21slim.xsd">
   <leader>00925njm 22002777a 4500</leader>
   <datafield ind2=" " ind1=" " tag="042">
      <subfield code="a">dc</subfield>
   </datafield>
   <datafield ind2=" " ind1=" " tag="720">
      <subfield code="a">Alonso Martínez, Héctor</subfield>
      <subfield code="e">author</subfield>
   </datafield>
   <datafield ind2=" " ind1=" " tag="720">
      <subfield code="a">Díez Gutiérrez, Enrique Javier</subfield>
      <subfield code="e">author</subfield>
   </datafield>
   <datafield ind2=" " ind1=" " tag="260">
      <subfield code="c">2025-07-07T13:21:52Z</subfield>
   </datafield>
   <datafield ind2=" " ind1=" " tag="260">
      <subfield code="c">2025-07-07T13:21:52Z</subfield>
   </datafield>
   <datafield ind2=" " ind1=" " tag="260">
      <subfield code="c">2023-06-12</subfield>
   </datafield>
   <datafield ind2=" " ind1=" " tag="260">
      <subfield code="c">2025-07-07T13:21:52Z</subfield>
   </datafield>
   <datafield ind2=" " ind1=" " tag="520">
      <subfield code="a">Esta investigación analiza la experiencia de caso de Espacio Mestizo, proyecto de arte comunitario y popular con jóvenes en situación de riesgo social en la ciudad de León. Se ha planteado un enfoque cualitativo de tipo idiográfico sobre el estudio de caso del proyecto Espacio Mestizo. La muestra está compuesta por una cincuentena de personas participantes: 24 destinarios y 18 expertos y educadores. Las técnicas realizadas fueron entrevistas exploratorias, entrevistas en profundidad, grupos de discusión y relatos de vida. Los resultados muestran que Espacio Mestizo ayuda a adolescentes en riesgo a emanciparse, impulsando el aumento de la autoestima y del empoderamiento, así como la corresponsabilidad en los adolescentes participantes, pero destaca especialmente el impulso que supone de desarrollo comunitario para construir un modelo de ciudadanía, crítico, que, al contener valores prosociales, contribuye al desarrollo social. El participar en Espacio Mestizo, desde su vertiente de educación social, popular y comunitaria, supuso involucrarse de forma consciente y comprometida en un proyecto común y participado colectivamente, de forma democrática, que también generó una cierta cohesión entre barrios.</subfield>
   </datafield>
   <datafield tag="653" ind2=" " ind1=" ">
      <subfield code="a">Participació social</subfield>
   </datafield>
   <datafield tag="653" ind2=" " ind1=" ">
      <subfield code="a">Joves desfavorits</subfield>
   </datafield>
   <datafield tag="653" ind2=" " ind1=" ">
      <subfield code="a">Educació comunitària</subfield>
   </datafield>
   <datafield tag="653" ind2=" " ind1=" ">
      <subfield code="a">Social participation</subfield>
   </datafield>
   <datafield tag="653" ind2=" " ind1=" ">
      <subfield code="a">Youth with social disabilities</subfield>
   </datafield>
   <datafield tag="653" ind2=" " ind1=" ">
      <subfield code="a">Community education</subfield>
   </datafield>
   <datafield ind2="0" ind1="0" tag="245">
      <subfield code="a">Educar en los márgenes del sistema: educación comunitaria para la emancipación</subfield>
   </datafield>
   <datafield ind2="0" ind1="0" tag="245">
      <subfield code="a">Educar en els marges del sistema: educació comunitària per a l’emancipació</subfield>
   </datafield>
   <datafield ind2="0" ind1="0" tag="245">
      <subfield code="a">Educating at the margins of the system: Community education for emancipation</subfield>
   </datafield>
</record></metadata></record></GetRecord></OAI-PMH>